CNG alternativa benzinu a nafty
CNG (Compressed natural gas) - stlačený zemný plyn využívaný na pohon automobilov. CNG verzus LPG (skvapalnený propán-bután). Výhody pre spotrebiteľa a životné prostredie. CNG šetrný nielen k prírode, ale aj k peňaženke. Využitie v autobusovej doprave.
Enregistré dans:
| Auteur principal: | |
|---|---|
| Format: | Chapitre de livre |
| Langue: | tchèque |
| Sujets: | |
| Tags: |
Pas de tags, Soyez le premier à ajouter un tag!
|
MARC
| LEADER | 00000naa$a2200000$$$4500 | ||
|---|---|---|---|
| 001 | 0108320 | ||
| 005 | 20231018131424.5 | ||
| 041 | 0 | |a cze | |
| 044 | |a CZ | ||
| 245 | 1 | 0 | |a CNG alternativa benzinu a nafty |c Michal Peterka |
| 520 | |a CNG (Compressed natural gas) - stlačený zemný plyn využívaný na pohon automobilov. CNG verzus LPG (skvapalnený propán-bután). Výhody pre spotrebiteľa a životné prostredie. CNG šetrný nielen k prírode, ale aj k peňaženke. Využitie v autobusovej doprave. | ||
| 610 | 2 | 0 | |a automobily |
| 610 | 2 | 0 | |a benzín |
| 610 | 2 | 0 | |a nafta |
| 610 | 2 | 0 | |a plyn zemný |
| 610 | 2 | 0 | |a náklady |
| 610 | 2 | 0 | |a úspory |
| 100 | 1 | |a Peterka, Michal | |